000 00706 a2200205 4500
999 _c2874
_d2874
020 _a9780273713869 (pbk. : alk. paper)
020 _a0273713868 (pbk. : alk. paper)
050 0 0 _aHF 5549 STR 2009
100 _aLeopold, John
_eeditor
245 0 4 _aThe strategic managing of human resources:
_cedited by John Leopold and Lynette Harris.
250 _a2nd ed.
264 _aHarlow :
_b Financial Times, Prentice Hall,
_c 2009
300 _axxiv, 587 p. :
_bill. (col.).
500 _aincludes index
504 _aIncludes bibliographical references
650 0 _aPersonnel management.
650 0 _aStrategic planning.
700 1 _aHarris, Lynette.
_eeditor
942 _2lcc
_cBK
_e2 nd ed
_h5549
_iJOH
_kHF